| 000 | 00414nam a2200157 a 4500 | ||
|---|---|---|---|
| 005 | 20240919064537.0 | ||
| 008 | 030627s1987 mx r 000 0 spa d | ||
| 035 | _aUPN01000126964 | ||
| 049 | _aSEP | ||
| 050 | 4 |
_aQH541.2 _bC87 |
|
| 245 | 0 | 0 | _aCurso introductorio de educación ambiental. |
| 260 |
_aMéxico : _bSEP : _bSEDUE, _c1987. |
||
| 300 | _a227 p. | ||
| 650 | 4 |
_aEducación ambiental _94338 |
|
| 905 | _aLibro | ||
| 999 |
_c99143 _d99143 |
||